Cuentas nacionales trimestralizadas 1980-1983

Gorde:
Xehetasun bibliografikoak
Erakunde egilea: Banco Central de Chile (Egilea)
Formatua: Liburua
Hizkuntza:gaztelania
Argitaratua: Santiago Banco Central de Chile 1983
Gaiak:
Etiketak: Etiketa erantsi
Etiketarik gabe, Izan zaitez lehena erregistro honi etiketa jartzen!

MARC

LEADER 00000nam a2200000 a 4500
001 UCT6052
003 CL-VaPUC
008 961230e19830000CL |||||||||||||||||spa|d
082 0 4 |a 318.83  |b BAN  |2 21 
110 2 |a Banco Central de Chile  |e author  |9 375775 
245 1 0 |a Cuentas nacionales trimestralizadas 1980-1983 
300 |a 56 p 
942 |c BK 
945 |d 19961230 00:00:00  |a rleighto 
260 |a Santiago  |b Banco Central de Chile  |c 1983 
650 0 |a Economía   |9 255568 
650 7 |a SECTOR PESQUERO  |2 CL-VaPUC  |9 326876 
650 7 |a SECTOR MINERO  |2 CL-VaPUC  |9 375776 
650 7 |a SECTOR INDUSTRIAL  |2 CL-VaPUC  |9 346302 
650 7 |a SECTOR FINANCIERO  |2 CL-VaPUC  |9 375777 
650 7 |a INDICADORES ECONOMICOS  |2 CL-VaPUC  |9 307122 
650 7 |a PRODUCTO NACIONAL BRUTO  |2 CL-VaPUC  |9 259223 
650 7 |a CUENTAS NACIONALES  |2 CL-VaPUC  |9 344474 
651 7 |a CHILE  |2 CL-VaPUC  |9 375778 
583 |a last modification  |c 19961230 00:00:00  |k Rodrigo Vera 
999 |c 254785  |d 254783 
952 |0 0  |1 0  |4 0  |6 318_830000000000000_BAN_1983  |7 0  |8 A  |9 276667  |a BIBENE  |b BIBENE  |d 2019-11-19  |i 3264882  |o 318.83 BAN 1983  |p 3264882  |r 2025-01-15  |w 2019-11-19  |y BK  |k ICO